Statistics for Big Bang Theory Quiz

Click here to take the quiz!

General Stats

  • This quiz has been taken 28 times
  • The average score is 10 of 15

Answer Stats

HintAnswer% Correct
Who Slept With Raj's
Sister?
Leonard
92%
Is Missy Older Than
Sheldon?
No
92%
What Season Did Amy And
Sheldon Meet?
3
88%
What Season Did Howard
Go To Space?
5/6
88%
What Season Did Howard's
Mom Die?
7
88%
What Season Did Leonard
Marry Penny?
9
88%
What Season Did Amy Get
To Wear A Crown
12
84%
What Is Sheldon's
Middle Name?
Lee
68%
Who Is Raj's Sister?Priya
64%
Who Played Bernadette?Melissa Rauch
60%
What Is The Name
Of Leonard's Mom?
Beverly
52%
Who Played Howard?Simon Helberg
44%
What Is Sheldon's Favourite
Number?
73
32%
Who Played Mary?Laurie Metcalf
28%
Who Played Leonard?Johny Galecki
16%

Score Distribution

Percentile by Number Answered

Percent of People with Each Score

Your Score History

You have not taken this quiz